000
00215 a2200097 4500
001
8187
100
_a
Houghton, E L
245
_a
Aerodynamics for Engineering Student
260
_a
_b
Arnold
_c
090
_c
6575
_d
6575
942
_a
NUST-CAE
_c
M
_c
33128
999
_c
243260
_d
243260